| 000 | 01186cam a22001814a 4500 | ||
|---|---|---|---|
| 005 | 20250605164349.0 | ||
| 008 | 250528s ||||||||||||||||||||||||d | ||
| 035 | _a24089 | ||
| 040 |
_aGR-AtMCL _bgre _dGR-AtMCL _eAACR2 |
||
| 245 | 1 | _a2η Γενική Συνέλευση της Ένωσης Βαλκανικών Επιμελητηρίων | |
| 260 |
_bΕμπορικό Και Βιομηχανικό Επιμελητήριο Αθηνών, _c2014 |
||
| 300 | _a64 | ||
| 520 | _aΣύνοδος Βαλκανικών Επιμελητηρίων, Ημερίδα: Πού Βαδίζει η Τουρκία;, Νέο Πλαίσιο Κανόνων για την Αναγνώριση των Επαγγελματικών Προσόντων στη Ε.Ε., Είναι ηΠολιτική η Τέχνη του Εφικτού;, Ευκαιρία για τις Υπερχρεωμένες ΜΜΕ, Ηλεκτρονικοποίηση για Λιγότερο Χρόνο και Μείωση Κόστους, Εξοικονομώ και για τα Επαγγελματικά Κτίρια. | ||
| 700 | 1 |
_aΜίχαλος Κωνσταντίνος _94319 |
|
| 942 | _cCR | ||
| 999 |
_c8988 _d8988 |
||